00465nam a2200133Ia 450000500170000000800410001702000150005808200230007310000280009624500610012426000470018530000120023250000870024420250312010520.0240331s9999 xx 000 0 und d a8187477009 bVEN24205a894.811 aVenkatachalapathy, A. R 0aAntha Kalathil Kappi Illai:bMuthalana Aaivu Katturaigal aNagercoil,bKalachuvadu Pathippagamc2000  a232 p., aEssays examining the socio-cultural changes in the formation of modern Tamil Nadu.